00346nam a2200109Ia 4500008004100000041000800041100001900049245009300068260003700161300000800198700003000206250110s9999 xx 000 0 und d aeng aJaiswal Neelam aEco Village : Planning For Self Sustainable Development With Emphasis On Conservation... bM.Arch Environmental, Punec2013 a87p aGuide Name:Dalal Prajakta